000 00407nam a2200145 i 4500
001 75433
003 ES-MaACL
007 t|
008 040924s1939 gw ||||1| ger d
100 1 _aGraf Finckenstein, Ottfríed.
_959509
245 1 4 _aDie Mutter
_b: roman /
_cOttfríed Graf Finckenstein.
260 _aJena :
_bDiederichs,
_c1939.
300 _a299 p. ;
_c20 cm.
852 _aES-MaACL
_jB-9259
_bR.19159
999 _c75433
_d75433